000 00592nam a2200181Ia 4500
008 090123s9999 xx 000 0 und d
082 _b12735
_a891.463/गांगल
100 _aगांगल वसंत
245 _aसागरा अगस्ति आला
250 _a1
260 _bरंजना प्रकाशन
_c1977
300 _a188
600 _aगांगल वसंत
630 _aसागरा अगस्ति आला
700 _aगांगल वसंत
730 _aसागरा अगस्ति आला
942 _cBOOK
999 _c50800
_d50800